000 00308nam a22001337a 4500
008 181012b xxu||||| |||| 00| 0 eng d
020 _a9780071845090
041 _aeng
080 _a610
100 _a4
101 _aSHM
245 _aCurrent Medical Diagnosis & Treatment
_cPadakis,M.A
942 _2udc
_cBK
999 _c49529
_d49529